| 000 | 00740nam a22001577a 4500 | ||
|---|---|---|---|
| 003 | OSt | ||
| 005 | 20151007170351.0 | ||
| 008 | 151007b xxu||||| |||| 00| 0 eng d | ||
| 040 | _cRUA | ||
| 082 | _aAVM CHH 2008 B082 Or.1 | ||
| 100 |
_92325 _aCHHENG, CHANDARA. |
||
| 245 | _aSurvey on small scale holder of pig raising in kampeng commune prey kabas district takeo province, ការសិក្សាលើការចិញ្ចឹមជ្រូកជាលក្ខណៈគ្រួសាររបស់ប្រជាកសិករនៅឃុំកំពែង ស្រុកពញរៃកប្បាស ខេត្តតាកែវ. | ||
| 260 |
_aphnom phen _bRUA _c2008 |
||
| 300 |
_aXI,58p. _bill. _c29cm. |
||
| 942 |
_2ddc _cAVM |
||
| 999 |
_c2191 _d2191 |
||